Loading...
| 0 | 8 | 0 | 1 | 80 | 84 | 108.88 | 4 | 8 | |
| Beliefs | 2 | 5 | 1 | 1 | 75 | 43 | 102.00 | 2 | 7 |
| Science - Chemistry | 1 | 4 | 0 | 2 | 55 | 46 | 100.00 | 1 | 5 |
| Science - Biology | 2 | 3 | 1 | 0 | 55 | 24 | 78.40 | 2 | 5 |
| Science - Physics | 0 | 5 | 0 | 3 | 50 | 92 | 122.00 | 1 | 5 |
| History - European History | 2 | 3 | 2 | 1 | 50 | 58 | 95.20 | 3 | 5 |
| Literature - British Literature | 1 | 2 | 0 | 0 | 35 | 83 | 119.00 | 1 | 3 |
| Fine Arts - Visual Fine Arts | 0 | 3 | 0 | 0 | 30 | 90 | 101.00 | 0 | 3 |
| Social Science | 1 | 2 | 1 | 1 | 30 | 73 | 90.00 | 1 | 3 |
| Current Events | 1 | 1 | 0 | 0 | 25 | 39 | 53.50 | 1 | 2 |
| Literature - American Literature | 0 | 2 | 0 | 0 | 20 | 127 | 142.50 | 0 | 2 |
| Other Science: Astronomy | 1 | 0 | 0 | 0 | 15 | 67 | 67.00 | 1 | 1 |
| Other Arts: Visual | 1 | 1 | 2 | 0 | 15 | 72 | 91.00 | 2 | 2 |
| Philosophy | 0 | 2 | 1 | 0 | 15 | 118 | 122.00 | 0 | 2 |
| Fine Arts - Auditory Fine Arts | 0 | 1 | 0 | 0 | 10 | 136 | 136.00 | 0 | 1 |
| Literature - European Literature | 0 | 1 | 0 | 0 | 10 | 108 | 108.00 | 0 | 1 |
| Other Science: Earth Science | 0 | 1 | 0 | 0 | 10 | 124 | 124.00 | 0 | 1 |
| History - American History | 0 | 1 | 2 | 0 | 0 | 94 | 94.00 | 0 | 1 |
| History - World History | 0 | 1 | 2 | 0 | 0 | 79 | 79.00 | 1 | 1 |
| Other Science: Computer Science | 0 | 0 | 1 | 0 | -5 | 0.00 | 0 | 0 |